000 00250nam a2200097Ia 4500
001 1212376
005 20250827024453.0
008 250824s9999 xx 000 0 und d
245 0 _aMETAL FIRTINA 2 KAYIP NAAŞ
_cORKUN UÇAR
260 _bALTIN KİTAPLAR
999 _c1212376
_d1212376